000 00832nam a22002417a 4500
003 DO-SdBNP
005 20230215112941.0
008 210409b2013 dr ||0| 0 spa d
020 _a9879993439653
040 _aBPMSU
_bSpa
_cBPMSU
082 _aR461
_bA325n 2013
_222
100 1 _aAIba,Orlando
245 1 0 _aNombres propios de persona en la República Dominicana /
_cOrlando Alba
260 _aSanto Domingo :
_bLibrería la Trinitaria,
_c2013.
300 _a184 p.,
_bil. ;
_c22 cm.
500 _aIncluye datos biográfico del autor en la solapa de la cubierta
590 _ainventariado, 2021/MC
650 4 _aNombres propios
_xEspañol
_vManuales
650 4 _aToponimia
_xHistoria
_zRepública Dominicana
651 4 _aRepública Dominicana
_xNombres personales
910 _aMCabrera/VMateo V.
942 _2ddc
_cBK
999 _c13412
_d13412